00601nam a22002057a 450000500170000001000130001702000220003003500130005203700160006504000120008108200190009310000160011224500650012826000520019327000500024530000250029550000200032065000250034065000300036520170124110218.0 aA-895422 c00.00a8170249406 aA-895422 bCen Lib/Ret aDPLbEN a370.71025bRED aReddy, R.S. aDirectory and handbook of teacher education /cby Reddy R.S. aNew DelhibA.P.H. publishing corporation c1998 bNew Delhia5, Anasri roadm, Daryaganje110002 aviii,629p.c24cm(Hb) aIncludes index  aEducation vHandbook aTeaching and practice z